000 00575nam a2200217 a 4500
001 0001-2142
003 ELIB.Books
008 190725 2010 eng
020 _a0310344107
092 _a220.9
_bWhy
100 _aWhyte, Alexander.
245 _aBible Characters
260 _aGrand Rapids, Michigan
_bZondervan Publishing House
_c1967
300 _a480
_c22.5cm
650 _aBible
856 _nKBTS Library
_uKBTS Elib
942 _2ddc
_cBK
990 _a3
998 _aEnglishbooks.elf
_ccat
_e2019-07-25
_mcat
_u2020-11-24
999 _c12142
_d12142